BRAND MANAGEMENT (Record no. 23018)

MARC details
000 -LEADER
fixed length control field 00298nam a22001457a 4500
003 - CONTROL NUMBER IDENTIFIER
control field SGT
020 ## - INTERNATIONAL STANDARD BOOK NUMBER
International Standard Book Number 0-19-012413-X
082 ## - DEWEY DECIMAL CLASSIFICATION NUMBER
Classification number 658.827
Item number DUT
100 ## - MAIN ENTRY--PERSONAL NAME
Personal name DUTTA, KIRTI
245 ## - TITLE STATEMENT
Title BRAND MANAGEMENT
250 ## - EDITION STATEMENT
Edition statement 2ND
260 ## - PUBLICATION, DISTRIBUTION, ETC. (IMPRINT)
Place of publication, distribution, etc DELHI
Name of publisher, distributor, etc OXFORD
Year of Publication 2022
300 ## - PAGE DESCRIPTION
No. of Pages 460
942 ## - ADDED ENTRY ELEMENTS (KOHA)
Source of classification or shelving scheme Dewey Decimal Classification
Koha item type Books
942 ## - ADDED ENTRY ELEMENTS (KOHA)
-- 16
Holdings
Withdrawn status Lost status Source of classification or shelving scheme Damaged status Not for loan Home library Current library Shelving location Date acquired Vendor Name Cost, normal purchase price SGTU Bill Number Total Checkouts Full call number Accession No. (Barcode) Date last seen Date last borrowed Bill Date Koha item type
    Dewey Decimal Classification     SGT Science & Social Sciences Library SGT Science & Social Sciences Library Text Book 18/07/2022 ABC 765.00 SGTU 14696 9 658.827 DUT FF735 27/01/2026 14/01/2026   Books
    Dewey Decimal Classification     SGT Science & Social Sciences Library SGT Science & Social Sciences Library Text Book 18/07/2022 ABC 765.00 SGTU 14696   658.827 DUT FF736 18/07/2022     Books
    Dewey Decimal Classification     SGT Science & Social Sciences Library SGT Science & Social Sciences Library Text Book 18/07/2022 ABC 765.00 SGTU 14696 8 658.827 DUT FF737 04/04/2025 20/03/2025   Books